[Event "HUN-chT 2018-19"]
[Site "Szombathely"]
[Date "2018.11.17"]
[Round "1"]
[White "Zakarias, David"]
[Black "Ruck, Robert"]
[Result "1/2-1/2"]
[WhiteElo "2312"]
[BlackElo "2515"]
[Annotator "TA"]
[PlyCount "111"]
[EventDate "2018.11.16"]
[EventType "team-tourn"]
[EventCountry "HUN"]
[SourceTitle "playchess.com"]
[Source "ChessBase"]
[SourceQuality "1"]

{[%evp 11,111,24,16,0,0,13,0,0,27,0,22,-54,-34,-52,-52,-52,-52,-56,-61,-59,-56,-53,-59,-69,-68,-68,-41,-79,-73,-96,-101,-124,-132,-143,68,69,73,70,79,78,95,-176,-50,-48,-50,-48,-59,-15,0,-15,0,0,0,0,8,7,7,0,13,-8,-8,-8,-8,-8,-8,-8,-8,-8,-8,-8,0,0,0,0,0,0,0,0,0,0,0,0,0,0,0,0,0,0,0,0,0,0,0,0,0,0,0,0,0,0,0,0]} 1. d4 Nf6 2. c4 e6 3. Nf3 b6 4. g3 Ba6 5. Qc2 Bb7 6. Bg2 c5 7. d5 {E15: Queen's Indian: 4 g3 sidelines, 4 g3 Ba6 and 4 g3 Bb7 early deviations} exd5 8. cxd5 Nxd5 9. O-O {aiming for Ng5.} Be7 10. Rd1 Qc8 11. Ne5 $146 ({White should try} 11. a3 $11) ({Predecessor:} 11. a3 Nc7 12. Nc3 Ne6 13. Nd5 Bxd5 14. Rxd5 {1-0 (65) Sunilduth Lyna,N (2568)-Adhiban,B (2670) Douglas 2017}) 11... Nb4 12. Qb3 O-O 13. Bxb7 Qxb7 14. a3 N4c6 15. Qd5 d6 16. Nc4 {[%cal Be5c4,Bc4e3,Be3f5][%mdl 32]} Na6 17. Nc3 Nc7 18. Qe4 Rfe8 19. Bf4 {[#]} b5 $1 {[%cal Rb5c4]} 20. Ne3 g5 {And now ...Bf8 would win.} 21. Bxg5 Bxg5 22. Qg4 h6 $2 (22... Re5 $17 23. f4 h5) 23. Nf5 $1 $14 {[%cal Rf5h6]} Re6 $1 {[#] White must now prevent ...Ne5.} 24. f4 $1 {[%cal Rf4g5] [#]} Nd4 $1 {Threatens to win with ...Nxf5.} 25. fxg5 (25. Nxd4 cxd4) 25... h5 26. Qf4 $2 {[%mdl 8192]} (26. Qxh5 $16 {is necessary to keep the advantage.} Nxf5 27. Rf1) 26... Nxf5 (26... Nd5 $19 27. Qf1 Nxc3 28. Nxd4 cxd4 29. bxc3 dxc3) 27. Qxf5 $15 b4 $1 $36 {[%cal Rb4c3][%mdl 2048] Black is more active.} 28. Nd5 Nxd5 29. Rxd5 bxa3 {The position is equal.} 30. bxa3 Qb2 31. Rf1 Rf8 32. g6 Rxg6 33. Qxh5 Qxa3 34. Rdf5 {Hoping for Qxg6+!} Qe3+ 35. Kh1 Qe4+ 36. Kg1 {Qxg6+! is the strong threat.} Qg4 37. Qxg4 Rxg4 $11 {[%mdl 4096] Endgame KRR-KRR} 38. Ra1 Re4 39. Rxa7 Rxe2 40. Rd7 Ra8 41. Rfxf7 Raa2 42. h4 c4 43. Kf1 c3 44. Rg7+ Kf8 45. Rh7 {[%cal Rh7h8]} Rf2+ 46. Kg1 {[%cal Rh7h8]} Rg2+ {[%mdl 64] Double Attack} 47. Kf1 {[%cal Rh7h8]} Raf2+ 48. Ke1 {[%cal Rh7h8]} Re2+ 49. Kf1 {[%cal Rh7h8]} Rgf2+ 50. Kg1 {[%cal Rh7h8]} Ke8 51. Rb7 {[%cal Rb7b8]} Rb2 52. Ra7 {White threatens Ra8+ and mate.} Rg2+ {[%mdl 64] Double Attack} 53. Kh1 {[%cal Rh7h8]} Rh2+ 54. Kg1 {[%cal Rh7h8]} Rhg2+ 55. Kh1 {[%cal Rh7h8]} Rh2+ 56. Kg1 {Accuracy: White = 71%, Black = 56%.} 1/2-1/2

[Event "HUN-chT 2018-19"]
[Site "Szombathely"]
[Date "2018.11.17"]
[Round "1"]
[White "Ruck, Tamas"]
[Black "Kevei, Peter"]
[Result "1-0"]
[WhiteElo "2302"]
[BlackElo "2141"]
[Annotator "NA"]
[PlyCount "71"]
[EventDate "2018.11.16"]
[EventType "team-tourn"]
[EventCountry "HUN"]
[SourceTitle "playchess.com"]
[Source "ChessBase"]
[SourceQuality "1"]

1. e4 c5 2. Nf3 Nc6 3. d4 cxd4 4. Nxd4 Nf6 5. Nc3 e5 6. Ndb5 d6 7. Bg5 a6 8. Na3 b5 9. Nd5 Be7 {LiveBook: 6884 Games} 10. Bxf6 Bxf6 11. c3 Ne7 12. Nxf6+ gxf6 13. Bd3 Bb7 14. Nc2 f5 15. exf5 {B33: Sicilian: Pelikan and Sveshnikov Variations} e4 16. Be2 Nxf5 17. Bg4 Nh6 $146 ({Predecessor:} 17... Nh4 18. Ne3 O-O 19. g3 Ng6 20. Qd4 Ne5 21. O-O-O Rb8 22. Kb1 b4 23. c4 Qf6 24. Bf5 Rfe8 25. Qxd6 Qxd6 26. Rxd6 Nd3 27. f4 exf3 28. Rxd3 Re5 29. Kc1 {0-1 (29) Korbut,E (2400)-Maksimovic,S (2258) Budva 2004}) 18. Ne3 O-O 19. Qd4 f5 20. Bh3 Qf6 21. O-O-O Rad8 22. Rhf1 Qxd4 23. Rxd4 Rf6 24. Kd2 Bc8 25. Nd5 Rf7 26. Nf4 Rf6 27. a4 Be6 28. axb5 axb5 29. Ra1 Bc4 30. Ra7 d5 31. Ra3 Ng4 {[#]} 32. b3 $1 Bd3 33. Nxd3 exd3 34. Bxg4 $18 ({Worse is} 34. Kxd3 Nxf2+ 35. Ke2 Ne4 $11) 34... fxg4 35. Rxg4+ Kf8 36. f3 1-0

[Event "HUN-chT 2018-19"]
[Site "Szombathely"]
[Date "2018.11.17"]
[Round "1"]
[White "Dankhazi, Andras"]
[Black "Juhasz, Barbara"]
[Result "1/2-1/2"]
[WhiteElo "2285"]
[BlackElo "2214"]
[Annotator "NA"]
[PlyCount "49"]
[EventDate "2018.11.16"]
[EventType "team-tourn"]
[EventCountry "HUN"]
[SourceTitle "playchess.com"]
[Source "ChessBase"]
[SourceQuality "1"]

1. d4 Nf6 2. c4 g6 3. g3 Bg7 4. Bg2 O-O 5. Nc3 d6 6. Nf3 Nbd7 7. O-O e5 8. e4 exd4 9. Nxd4 Re8 10. h3 a6 11. Qc2 Rb8 12. Rd1 Ne5 13. c5 Bd7 14. cxd6 cxd6 15. f4 Qb6 16. Qf2 Nc4 17. b3 Qb4 18. Rd3 Na3 19. Bd2 Qc5 20. Rc1 Rbc8 21. Nde2 Qxf2+ 22. Kxf2 Bf8 23. Nd4 b5 24. Re1 b4 25. Nd1 1/2-1/2

[Event "HUN-chT 2018-19"]
[Site "Szombathely"]
[Date "2018.11.17"]
[Round "1"]
[White "Parkanyi, Attila"]
[Black "Balint, Vilmos"]
[Result "0-1"]
[WhiteElo "2275"]
[BlackElo "2299"]
[Annotator "NA"]
[PlyCount "112"]
[EventDate "2018.11.16"]
[EventType "team-tourn"]
[EventCountry "HUN"]
[SourceTitle "playchess.com"]
[Source "ChessBase"]
[SourceQuality "1"]

1. e4 e6 2. d4 d5 3. e5 c5 4. c3 Nc6 5. Nf3 Qb6 6. Be2 cxd4 7. cxd4 Nge7 8. Na3 Nf5 9. Nc2 Bb4+ 10. Kf1 Be7 11. h4 h5 {C02: French: Advance Variation} 12. g3 (12. b4 Bd7 13. a3 Rc8 14. g3 a6 15. Kg2 Na7 16. Ne3 Nxe3+ 17. Bxe3 Bb5 18. Ng5 Bxe2 19. Qxe2 {1-0 (42) Kupreichik,V (2405)-Vaisser,A (2531) Katerini 2014}) 12... Bd7 13. Kg2 Rc8 14. Rb1 Nd8 $146 ({Predecessor:} 14... a5 15. Bg5 f6 16. Bf4 Rf8 17. Bd3 fxe5 18. Bxe5 g6 19. Qd2 {1-0 (34) Koutny,P (2116)-Zpevakova,J (2048) Czech Republic 2015}) 15. Bg5 f6 16. exf6 gxf6 17. Bf4 Bb5 18. Re1 Bxe2 19. Rxe2 Bd6 20. Qd3 Kf7 21. Ne3 Qa6 22. Qxa6 bxa6 23. Nxf5 Bxf4 24. Ne3 Bd6 25. Rd1 Nc6 26. Rd3 Nb4 27. Ra3 Rc6 28. Ra4 Rhc8 29. Rd2 Rb6 30. Ng1 Rc1 31. Ne2 Ra1 32. a3 Nc6 33. Nc3 a5 34. f4 f5 35. Rc2 Ke8 36. Nf1 Kd7 37. Nd2 Bc7 38. Nf3 Rb3 39. Nd2 Rb6 40. Nf3 Rb3 41. Nd2 Rb8 42. Nf3 Bb6 43. Rd2 a6 44. Ne2 Kd6 45. Ne5 Na7 46. Nf7+ Kd7 47. Ne5+ Kd6 48. Nf7+ Ke7 49. Ne5 Rb7 50. Rc2 $17 ({White should try} 50. Nd3 $1 $15) 50... Rc7 51. Rxc7+ Bxc7 52. b4 Ra2 53. Kf1 Nb5 54. bxa5 Rxe2 55. Rb4 Rc2 56. a4 Bxa5 {Ke2} 0-1

[Event "HUN-chT 2018-19"]
[Site "Szombathely"]
[Date "2018.11.17"]
[Round "1"]
[White "Vegh, Endre"]
[Black "Dobos, Jozsef"]
[Result "1/2-1/2"]
[WhiteElo "2274"]
[BlackElo "2277"]
[Annotator "NA"]
[PlyCount "27"]
[EventDate "2018.11.16"]
[EventType "team-tourn"]
[EventCountry "HUN"]
[SourceTitle "playchess.com"]
[Source "ChessBase"]
[SourceQuality "1"]

1. d4 g6 2. c4 Bg7 3. e4 Nc6 4. Nf3 e5 5. Bg5 f6 6. Be3 d6 7. d5 Nce7 8. c5 Bh6 9. cxd6 cxd6 10. Qd2 Bxe3 11. Qxe3 Kf7 12. Nc3 Kg7 13. Bd3 Nh6 14. h3 1/2-1/2

[Event "HUN-chT 2018-19"]
[Site "Szombathely"]
[Date "2018.11.17"]
[Round "1"]
[White "Peczely, Sebastian Zsombor"]
[Black "Hera, Imre Jr."]
[Result "0-1"]
[WhiteElo "2254"]
[BlackElo "2598"]
[Annotator "TA"]
[PlyCount "87"]
[EventDate "2018.11.16"]
[EventType "team-tourn"]
[EventCountry "HUN"]
[SourceTitle "playchess.com"]
[Source "ChessBase"]
[SourceQuality "1"]

{[%evp 12,87,41,25,41,45,49,34,39,31,30,32,43,40,30,0,0,0,0,0,5,13,13,0,12,0,0,-4,8,20,25,0,0,0,0,0,-2,-13,-13,-14,-15,-21,0,-14,-8,-99,-96,-88,-87,-100,-117,-136,-132,-157,-156,-319,-318,-327,-318,-349,-228,-419,-417,-482,-358,-978,-978,-870,-835,-29983,-29984,-29984,-1010,-29985,-29986,-29984,-29985,-29985]} 1. e4 c5 2. Nf3 e6 3. d4 cxd4 4. Nxd4 a6 5. Bd3 Nf6 6. O-O d6 7. a4 {LiveBook: 12 Games. B42: Sicilian: Kan Variation: 5 Bd3} (7. c4 Be7 8. Nc3 O-O 9. Be3 Nbd7 10. f4 Nc5 11. Bc2 e5 12. Nf5 Bxf5 13. exf5 exf4 14. Rxf4 Re8 15. Kh1 Rc8 16. Bd4 Ncd7 17. b3 d5 18. Nxd5 Nxd5 19. cxd5 {0-1 (37) Quesada Perez,Y (2627)-Grandelius,N (2647) chess.com INT 2018}) 7... g6 8. a5 Bg7 9. Be3 $146 {White is slightly better.} ({Predecessor:} 9. Nc3 O-O 10. Be3 e5 11. Nb3 Be6 12. Qe2 d5 13. exd5 Nxd5 14. Nxd5 Bxd5 {1-0 (32) Dragicevic,D (2204)-Ly,M (2428) Canberra 2013}) 9... O-O 10. Nd2 Nbd7 11. N4b3 d5 12. c3 Qc7 13. Bd4 e5 14. Be3 dxe4 15. Bxe4 Nxe4 16. Nxe4 Qc6 17. Nbc5 f5 18. Nxd7 Bxd7 19. Nc5 Bc8 {[#] aiming for ...f4.} 20. f3 Be6 21. Qa4 Qxa4 22. Rxa4 Bd5 $1 23. Rb4 Rf7 24. Rd1 Bc6 25. Ne6 Bf6 26. Bb6 Re8 27. Nd8 Bxd8 $1 28. Rxd8 (28. Bxd8 $11 {remains equal.} Rd7 29. Rxd7 Bxd7 30. Bg5) 28... Rxd8 $17 29. Bxd8 $11 {[%mdl 4096] Endgame KRB-KRB} Rd7 30. Bf6 Rd5 31. Rb6 Kf7 32. Bh8 Rxa5 33. b4 $2 (33. c4 $17) 33... Ra1+ $19 34. Kf2 Ra2+ 35. Kg1 e4 {[%cal Be5e4,Be4e3,Be3e2][%mdl 32]} 36. c4 $2 (36. fxe4 Bxe4 37. g3) 36... Rc2 37. b5 axb5 38. cxb5 $2 {[#]} (38. fxe4 Bxe4 39. cxb5) 38... e3 $1 {[%cal Rc2c1]} 39. Kf1 Bd5 {( -> ...Bc4+)} 40. h4 Bc4+ 41. Kg1 Rc1+ 42. Kh2 e2 43. Rxb7+ Ke6 44. Rb6+ {Accuracy: White = 28%, Black = 88%.} 0-1

[Event "HUN-chT 2018-19"]
[Site "Szombathely"]
[Date "2018.11.17"]
[Round "1"]
[White "Polyik, Peter"]
[Black "Szamoskozi, Gabor"]
[Result "1-0"]
[WhiteElo "2254"]
[BlackElo "2257"]
[Annotator "NA"]
[PlyCount "81"]
[EventDate "2018.11.16"]
[EventType "team-tourn"]
[EventCountry "HUN"]
[SourceTitle "playchess.com"]
[Source "ChessBase"]
[SourceQuality "1"]

1. d4 Nf6 2. Nf3 g6 3. Bg5 Bg7 4. Nbd2 c5 5. Bxf6 Bxf6 6. Ne4 Bxd4 7. Nxd4 cxd4 8. Qxd4 O-O 9. c4 Nc6 10. Qd2 Qa5 11. Nc3 d6 12. e4 Be6 13. Be2 f5 14. exf5 Qxf5 15. O-O Qf4 16. Qxf4 Rxf4 17. b3 Nd4 18. Bd3 Bf5 19. Bxf5 gxf5 20. Rae1 e6 21. Re3 Rg4 22. Rd1 e5 23. Kf1 Kf7 24. Rh3 Kg7 25. Ne2 Nxe2 26. Kxe2 Rd8 27. Rhd3 Rxg2 28. Rxd6 Rxd6 29. Rxd6 Rxh2 30. Rd7+ Kf6 31. Rxb7 e4 32. c5 Ke6 33. Rxa7 Kd5 34. b4 Rh6 35. a3 Kc4 36. Rb7 Ra6 37. b5 Rxa3 38. c6 Ra8 39. c7 Rc8 40. b6 Kd5 41. Rb8 1-0

[Event "HUN-chT 2018-19"]
[Site "Szombathely"]
[Date "2018.11.17"]
[Round "1"]
[White "Tokovic, Svetozar"]
[Black "Kovacs, Gabor"]
[Result "0-1"]
[WhiteElo "2238"]
[BlackElo "2454"]
[Annotator "TA"]
[PlyCount "106"]
[EventDate "2018.11.16"]
[EventType "team-tourn"]
[EventCountry "HUN"]
[SourceTitle "playchess.com"]
[Source "ChessBase"]
[SourceQuality "1"]

{[%evp 12,106,27,17,16,18,25,19,20,10,15,6,27,33,41,41,40,33,41,22,25,7,18,-111,56,56,76,21,27,16,21,24,19,26,27,23,31,22,22,0,43,0,0,0,0,-19,-23,-16,0,-31,0,-8,-14,-7,0,0,0,0,19,-1,0,0,0,0,0,0,0,0,0,4,6,-32,0,0,0,0,0,-20,-21,-69,-67,-73,-8,-111,-95,-101,-116,-202,-194,-210,-206,-197,-187,-174,-160,-794,-776]} 1. e4 e5 2. Nf3 Nf6 3. d4 Nxe4 4. Nxe5 d5 5. Bd3 Nd7 6. Nxd7 Bxd7 7. Qe2 {LiveBook: 3 Games. f3 is the strong threat. C43: Petroff Defence: 3 d4} (7. O-O Bd6 8. Qh5 Qf6 9. Nc3 Qxd4 10. Be3 Qe5 11. Qxe5+ Bxe5 12. Nxd5 Nf6 13. Rae1 Nxd5 14. Bd4 O-O-O 15. Bxe5 Nb4 16. Bxg7 Nxd3 17. cxd3 {½-½ (38) Shankland,S (2727)-Yu,Y (2762) Danzhou 2018}) 7... Be7 8. Nd2 Nd6 $146 ({Predecessor:} 8... Nf6 9. Nf3 O-O 10. Bf4 Re8 11. O-O-O c5 12. dxc5 b6 13. c6 Bxc6 14. Nd4 Bd7 {1-0 (56) Kruse,P (2040)-Weyh,T (1969) Ruhrgebiet 2004}) 9. O-O {White has an edge.} O-O 10. Qh5 {[%csl Gd3][%cal Rh5h7]} f5 11. Nf3 Qe8 (11... Ne4 {is interesting.} 12. Re1 c5 13. c3 Qb6 14. Bc2 Rae8) 12. Qxe8 Raxe8 13. Bf4 c6 14. Rfe1 {Hoping for Rxe7!} Ne4 15. h4 {[%cal Bh2h4,Bh4g5][%mdl 32]} Be6 16. Ng5 Bc8 17. f3 (17. Bb8 $11 {keeps the balance.}) 17... Nxg5 $2 (17... h6 $17 18. Nh3 Bxh4) 18. hxg5 $14 Kf7 19. Bd2 (19. Kf2 $16) 19... Rh8 $11 20. Re2 Bd6 21. Rxe8 Rxe8 22. Kf2 Bd7 23. Rh1 Kg8 24. Rh4 Be7 25. Rh1 Bd6 26. c4 dxc4 27. Bxc4+ Be6 28. Bd3 g6 29. b3 Bd5 30. Rb1 Bf8 (30... b5 {with more complications.} 31. Rc1 a6 32. Rh1 a5 33. Rc1 Rb8) 31. g3 Bg7 32. Be3 Rd8 33. Rd1 Rd7 34. Be2 Be6 35. d5 Bxd5 36. Bxa7 Kf7 37. Rh1 Kg8 38. Rd1 Kf7 39. Bc5 Be5 40. f4 Bc3 41. Bd4 Bb4 (41... Bxb3 $5 42. axb3 Rxd4 $15) 42. Be3 Ke6 43. Bd4 Rd8 44. Bd3 Ra8 45. Bb1 c5 46. Be5 b5 (46... c4 $17 47. bxc4 Bxc4) 47. Ke3 (47. g4 $1 $11 {was the only way to keep the balance.}) 47... Ra7 48. Rc1 c4 49. Bc3 (49. a4 $17 {might work better.}) 49... Bxc3 $19 (49... cxb3 50. Bxb4 bxa2 51. Bxa2 $1 $15 {[%mdl 512]}) 50. bxc4 Bxc4 ({Don't do} 50... bxc4 51. Rxc3 Rb7 52. Bc2 $15) 51. Rxc3 {[#]} Kd5 $1 ({Less strong is} 51... Bxa2 52. Bd3 $15) 52. a3 {[#]} Re7+ $1 53. Kf3 $2 (53. Kd2 $17) 53... Re1 {Precision: White = 35%, Black = 58%.} 0-1

[Event "HUN-chT 2018-19"]
[Site "Szombathely"]
[Date "2018.11.17"]
[Round "1"]
[White "Udvardi, Zalan"]
[Black "Krstulovic, Alex"]
[Result "0-1"]
[WhiteElo "2230"]
[BlackElo "2309"]
[Annotator "NA"]
[PlyCount "48"]
[EventDate "2018.11.16"]
[EventType "team-tourn"]
[EventCountry "HUN"]
[SourceTitle "playchess.com"]
[Source "ChessBase"]
[SourceQuality "1"]

1. e4 e5 2. Nf3 Nc6 3. d4 exd4 4. Bc4 Bc5 5. c3 Nf6 6. O-O Nxe4 7. cxd4 d5 8. dxc5 dxc4 9. Qe2 Qd3 10. Re1 f5 11. Nc3 O-O 12. Nxe4 fxe4 $11 {LiveBook: 25 Games} 13. Qxe4 Bf5 14. Qxd3 cxd3 15. Bd2 Rad8 16. Rac1 Rd5 17. Rc4 Bg6 18. Ng5 h6 19. Ne6 Re8 20. Rcc1 Bf7 21. Nxc7 Rxe1+ 22. Rxe1 Rxc5 23. Bc3 Nd4 24. Re7 Rxc3 0-1

[Event "HUN-chT 2018-19"]
[Site "Szombathely"]
[Date "2018.11.17"]
[Round "1"]
[White "Borhy, Marcell"]
[Black "Valyi, Blanka Borbala"]
[Result "1-0"]
[WhiteElo "2201"]
[BlackElo "1852"]
[Annotator "NA"]
[PlyCount "41"]
[EventDate "2018.11.16"]
[EventType "team-tourn"]
[EventCountry "HUN"]
[SourceTitle "playchess.com"]
[Source "ChessBase"]
[SourceQuality "1"]

1. d4 Nf6 2. c4 g6 3. Nf3 Bg7 4. g3 O-O 5. Bg2 d6 6. O-O c6 7. Nc3 Nbd7 8. e4 e5 9. h3 Qc7 10. Be3 Re8 11. Re1 Nb6 12. b3 a5 13. Rc1 Bd7 14. c5 dxc5 15. dxe5 Nh5 16. g4 Bxe5 17. Nxe5 Rxe5 18. f4 Ree8 19. gxh5 c4 20. Qd4 Nc8 21. h6 1-0

[Event "HUN-chT 2018-19"]
[Site "Szombathely"]
[Date "2018.11.17"]
[Round "1"]
[White "Kelemen, David"]
[Black "Csonka, Attila Istvan"]
[Result "0-1"]
[WhiteElo "2154"]
[BlackElo "2347"]
[Annotator "NA"]
[PlyCount "68"]
[EventDate "2018.11.16"]
[EventType "team-tourn"]
[EventCountry "HUN"]
[SourceTitle "playchess.com"]
[Source "ChessBase"]
[SourceQuality "1"]

1. e4 c5 2. Nf3 e6 3. c4 Nc6 4. Nc3 a6 5. Be2 Qc7 6. O-O Nd4 7. Rb1 Bd6 8. h3 Ne7 9. a3 Nec6 10. d3 O-O 11. Be3 b6 12. Ne1 f5 13. exf5 Nxf5 14. Nc2 Ncd4 15. Bxd4 cxd4 16. Ne4 Bb7 17. b4 Bf4 18. c5 Rac8 19. Na1 Bd5 20. Nb3 b5 21. Bf3 Nh4 22. Nxd4 Qe5 23. Nc2 Nxf3+ 24. gxf3 Qh5 25. Kg2 Qg6+ 26. Kh1 Rf5 27. Rg1 Qh6 28. Kg2 Bxe4 29. fxe4 Rg5+ 30. Kf1 Qxh3+ 31. Ke2 Qh5+ 32. Kf1 Rxg1+ 33. Kxg1 Qh2+ 34. Kf1 Bg3 0-1

[Event "HUN-chT 2018-19"]
[Site "Szombathely"]
[Date "2018.11.17"]
[Round "1"]
[White "Balogh, Marton"]
[Black "Kokeny, Norbert Adrian"]
[Result "0-1"]
[WhiteElo "1941"]
[BlackElo "2279"]
[Annotator "ChessBase"]
[PlyCount "160"]
[EventDate "2018.11.16"]
[EventType "team-tourn"]
[EventCountry "HUN"]
[SourceTitle "playchess.com"]
[Source "ChessBase"]
[SourceQuality "1"]

1. d4 Nf6 2. Nf3 e6 3. Bf4 d5 4. e3 Bd6 5. Bg3 c5 6. c3 Nc6 7. Nbd2 O-O 8. Bd3 b6 9. O-O Bb7 10. Ne5 Ne7 11. Bh4 Ne4 12. Qc2 Nxd2 13. Qxd2 f6 14. Nf3 h6 15. Bg3 Qc7 16. Nh4 c4 17. Bc2 Bxg3 18. hxg3 g5 19. Nf3 Nc8 20. Qe2 Nd6 21. Nh2 f5 22. Qh5 Qg7 23. Nf3 Bc6 24. Ne5 Be8 25. Qh2 Nf7 26. f4 Nxe5 27. dxe5 b5 28. a3 g4 29. Kf2 a5 30. Qh4 Rf7 31. Rh1 Kh7 32. Rh2 Rb7 33. Rah1 h5 34. Rb1 Rab8 35. Rhh1 Kg8 36. Ke2 Kf8 37. Kd2 Bf7 38. Rhe1 Ke8 39. Qh2 Qf8 40. Qh4 Qg7 41. Qh2 Kd7 42. Qh4 Be8 43. Qh2 Qf8 44. Qh4 Kc7 45. Qg5 Ra7 46. Ra1 Rba8 47. Reb1 Kb6 48. Bd1 Rd7 49. Bc2 Rad8 50. Rd1 Qc5 51. Ke2 Qc6 52. Kf2 Ra8 53. Qf6 Raa7 54. Rdb1 Re7 55. Qg5 Rad7 56. Qf6 Rh7 57. Rh1 Kc7 58. Qg5 Rde7 59. Qf6 Reg7 60. Rh2 Rg6 61. Qh4 Qb6 62. Rhh1 Bd7 63. Rhb1 Bc8 64. Rd1 Bb7 65. Rd4 b4 66. Rb1 Qc5 67. axb4 axb4 68. Ke2 Qa5 69. Kd2 Rgh6 70. Bd1 Bc6 71. Bc2 Kb7 72. Kc1 Kc7 73. Kd2 Kd7 74. Bd1 Qa2 75. Kc1 Rh8 76. Rd2 Rb8 77. cxb4 Rxb4 78. Qg5 Rh7 79. b3 Qa3+ 80. Rdb2 c3 0-1

[Event "HUN-chT 2018-19"]
[Site "Szombathely"]
[Date "2018.11.17"]
[Round "1"]
[White "Koszta, Benedek"]
[Black "Lakos, Nikoletta"]
[Result "1/2-1/2"]
[WhiteElo "1905"]
[BlackElo "2247"]
[Annotator "NA"]
[PlyCount "36"]
[EventDate "2018.11.16"]
[EventType "team-tourn"]
[EventCountry "HUN"]
[SourceTitle "playchess.com"]
[Source "ChessBase"]
[SourceQuality "1"]

1. e4 d6 2. d4 Nf6 3. Nc3 e5 4. d5 a5 5. Be3 Ng4 6. Bd2 c6 7. f3 Nf6 8. Be3 Nfd7 9. Qd2 Na6 10. Bxa6 Rxa6 11. a4 Nb6 12. b3 Na8 13. Nge2 Nc7 14. O-O Be7 15. Rad1 O-O 16. f4 cxd5 17. Nxd5 Nxd5 18. Qxd5 Qc7 1/2-1/2

[Event "HUN-chT 2018-19"]
[Site "Szombathely"]
[Date "2018.11.17"]
[Round "1"]
[White "Sulyok, Eszter"]
[Black "Havanecz, Bianka"]
[Result "0-1"]
[WhiteElo "1872"]
[BlackElo "2240"]
[Annotator "NA"]
[PlyCount "82"]
[EventDate "2018.11.16"]
[EventType "team-tourn"]
[EventCountry "HUN"]
[SourceTitle "playchess.com"]
[Source "ChessBase"]
[SourceQuality "1"]

1. c4 e6 2. g3 Nf6 3. Bg2 d5 4. Nf3 Be7 5. d3 O-O 6. Nbd2 b6 7. O-O Bb7 8. Rb1 c5 9. b3 d4 10. a3 a5 11. Bb2 Ra7 12. b4 Nbd7 13. b5 Ng4 14. Bc1 f5 15. Re1 e5 16. h3 Nh6 17. Qc2 Qa8 18. e4 dxe3 19. Rxe3 f4 20. gxf4 Rxf4 21. Ne4 Rf8 22. Bb2 Nf5 23. Re2 Bf6 24. Kh2 Nd4 25. Nxd4 exd4 26. Nxf6+ Nxf6 27. Rg1 Qb8+ 28. Kh1 Bxg2+ 29. Rxg2 Nh5 30. Bc1 Rf3 31. Rh2 Qc8 32. Kg2 Raf7 33. Qd1 h6 34. Qe1 Qf5 35. Kg1 Rxd3 36. Rg2 Kh7 37. a4 Qxh3 38. Re4 Qf3 39. Re2 Rc3 40. Re6 Nf4 41. Bxf4 Qxf4 0-1

[Event "HUN-chT 2018-19"]
[Site "Szombathely"]
[Date "2018.11.18"]
[Round "2"]
[White "Rodshtein, Maxim"]
[Black "Tesik, Csaba"]
[Result "1-0"]
[WhiteElo "2682"]
[BlackElo "2317"]
[Annotator "TA"]
[PlyCount "79"]
[EventDate "2018.11.16"]
[EventType "team-tourn"]
[EventCountry "HUN"]
[SourceTitle "playchess.com"]
[Source "ChessBase"]
[SourceQuality "1"]

{[%evp 17,79,29,25,0,28,27,47,48,43,49,44,30,60,29,43,41,43,20,68,68,62,66,70,64,70,74,88,42,48,39,54,48,57,46,85,84,99,100,244,221,238,224,240,210,213,226,226,225,260,267,268,272,279,261,312,285,334,295,312,315,376,375,397,381]} 1. d4 Nf6 2. c4 g6 3. Nc3 Bg7 4. e4 d6 5. Nge2 O-O 6. Ng3 c6 7. Be2 a6 8. O-O Nbd7 {E70: King's Indian: Miscellaneous lines with 4 e4, including 5 Nge2 and 5 Bd3 0-0 6 Nge2} 9. Be3 b5 {LiveBook: 5 Games} (9... e5 10. d5 cxd5 11. cxd5 h5 12. Rc1 Nh7 13. Qd2 h4 14. Nh1 f5 15. exf5 gxf5 {1-0 (36) Ponomariov,R (2721)-Bologan,V (2645) Tomsk 2006}) 10. a3 Bb7 $146 {The position is equal.} ({Predecessor:} 10... Rb8 11. cxb5 cxb5 12. Qd2 Nb6 13. Bh6 Nc4 14. Bxc4 bxc4 15. Bxg7 Kxg7 16. Rac1 Qa5 {½-½ (27) Esplugas Esteve,V (2238)-Amores Gago,J (2174) Sant Boi 2014}) 11. Rc1 e5 12. d5 cxd5 13. cxd5 Rc8 14. f3 Nb6 15. Na2 Na4 16. b3 Nc5 17. Nb4 Qd7 18. Nd3 Nxd3 19. Bxd3 Rxc1 20. Qxc1 Rc8 21. Qd2 Qc7 22. Ne2 Nd7 23. Rc1 Qd8 24. a4 bxa4 25. bxa4 Bf6 26. Rb1 $36 {[%mdl 2048] White has strong initiative.} Qc7 27. Qb4 Ba8 (27... Rb8 $16 {was called for.}) 28. Bxa6 $18 Rb8 29. Bb5 Nc5 30. Bxc5 dxc5 31. Qc4 Bg5 32. Kf2 Bh4+ 33. g3 Bg5 34. Nc1 {[%cal Be2c1,Bc1d3,Bd3b2][%mdl 32]} Be7 35. Nd3 Bd6 36. Kg2 Qa5 37. Rb2 ({Weaker is} 37. Nxc5 Qd2+ 38. Kh1 Qf2 $18) 37... Qc7 38. Rc2 Rc8 39. Qc3 Bb7 40. Nb2 {Accuracy: White = 68%, Black = 23%.} 1-0